00598 a2200193 450000100060000002000150000604000240002110000210004524000290006624500240009530000070011936200090012644000120013565000310014794200070017895201010018595201010028699900170038769750 a8508080468 cAnchieta - Itaigara aCastle, Carolina10aPara toda criançalpor10aPara toda criança a390 a2000 1aÁtica 4aLiteratura infanto-juvenil cBK 00104070a88.1b88.1d2023-11-21l0o028.5 PARp2434/ITAr2023-11-21 20:04:27w2023-11-21yBK 00104070a88.1b88.1d2023-11-21l0o028.5 PARp2435/ITAr2023-11-21 20:04:27w2023-11-21yBK c69750d69750